| 000 | 00560nam a2200145 a 4500 | ||
|---|---|---|---|
| 001 | 000037792 | ||
| 005 | 20240226135628.0 | ||
| 008 | 130306s2003 dr a 000 0 spa d | ||
| 040 |
_aDO-SdBNP _bspa _cBNPHU |
||
| 100 | 1 |
_aKlinger Pevida, Eduardo _92240 |
|
| 245 | 1 | 0 |
_aRelaciones bilaterales República Dominicana-Uruguay oportunidades de negocios / _cEduardo Klinger Pevica. |
| 260 |
_aSanto Domingo : _bFundación Pro-Integración y Desarrollo, _c2003. |
||
| 300 |
_a307 p. : _bil. ; _c22 cm. |
||
| 500 | _aIncluye datos biográficos del autor en la contracubierta | ||
| 999 |
_c37282 _d37282 |
||